Abuja, Nigeria (Record no. 38187)

MARC details
000 -LEADER
fixed length control field 00456nam a2200145Ia 4500
050 ## - CALL MARK
Classification number Excellence: a publication of the national universities commission
245 #0 - TITLE STATEMENT
Title Abuja, Nigeria
260 ## - PUBLICATION, DISTRIBUTION, ETC. (IMPRINT)
Place of publication Dept. of Accounting, Faculty of Administration, Nasarawa State University
260 ## - PUBLICATION, DISTRIBUTION, ETC. (IMPRINT)
Name of publisher 2017
260 ## - PUBLICATION, DISTRIBUTION, ETC. (IMPRINT)
Year of publication 39 p. :ill. ; 28 cm.
300 ## - PHYSICAL DESCRIPTION
Number of Pages nuggets of excellence
650 ## - SUBJECT ADDED ENTRY--TOPICAL TERM
Topical Term SR

No items available.